=LDR 00000nam 2200000 4500 =001 INLIS000000000027991 =005 20230411085418 =035 ##$$a 0010-061300000027991 =008 230411###########################0###### =041 ##$$a Ind =082 ##$$a 395 =090 ##$$a 338.173 73, Spi k =100 ##$$a Alam, G. Surya =245 1#$$a Etika dan Etiket Bergaul /$c G. Surya Alam =260 ##$$a Semarang :$b Aneka Ilmu,$c 1993 =300 ##$$a 68 hlm ; $c 14 cm =850 ##$$a NBPNMAT =020 ##$$a 979-736-351-1 =084 ##$$a 395 ALA e =650 #4$$a etika bergaul =990 ##$$a 20800090